| 000 | 00690nam a2200229 a 4500 | ||
|---|---|---|---|
| 001 | BRCA_6271 | ||
| 005 | 20190320205408.0 | ||
| 008 | 290711s1944----mx-a######---#000-0#spa-# | ||
| 041 | _aspa | ||
| 044 | _amx | ||
| 050 | 4 |
_aN8070 _b.V69 1944 |
|
| 245 | 1 | 0 |
_aLa voz Guadalupana _bhistoria, arte, información. |
| 260 |
_aMéxico _bBasílica de Guadalupe _c1944 |
||
| 300 |
_a2 v. _bil. _c33 cm. |
||
| 500 | _aAño XI, Núm. 6 octubre, 1944. Año XI, Núm. 7 noviembre, 1944 | ||
| 500 | _aRevista inventariada por Banco de México como libro. | ||
| 500 | _aC94 | ||
| 650 | 1 | 4 |
_aGuadalupe Santa María de _915734 |
| 650 | 1 | 4 |
_aMaría, Virgen _vArte _915735 |
| 902 | _aGFM | ||
| 942 |
_2lcc _cB |
||
| 999 |
_c5958 _d5958 |
||